Country Quiz: Mauritius Stats

 Plays Quiz not verified by Sporcle

Challenge
Share
Tweet
Embed
Score 0/50 Timer 07:00
1 Play Today
Hint Answer % Correct
Flag ColorRed
94.5%
Flag ColorBlue
93.7%
Flag ColorYellow
93.7%
Flag Color Green
93.1%
Lowest Point (0 m)Indian Ocean
83%
Capital CityPort Louis
79.7%
Smallest DistrictPort Louis District
79.7%
Common LanguageMauritian Creole
79.7%
Official LanguageEnglish
77.9%
Common LanguageFrench
75.9%
NationalityMauritian
73.4%
Drives on the...Left
67.5%
Bordering OceanIndian Ocean
67.5%
Famous Extinct Bird That Only Lived in MauritiusDodo
67.1%
Most Popular SportAssociation Football
66.9%
Primary ContinentAfrica
64.7%
Second Largest ReligionRoman Catholic
64.5%
Largest IslandMauritius
64.3%
Largest Religious DenominationHinduism
63.9%
Official NameRepublic of Mauritius
62.7%
Owned by (1715-1810)France
61.3%
Independence From United Kingdom
55.8%
Age of Suffrage18
55.8%
# of Districts9
49.7%
Other Island in Island Group (France)Reunion
45.4%
Hint Answer % Correct
Second Largest IslandRodrigues
39.8%
Other Island in Island Group (Mauritius)Rodrigues
39.8%
Owned by (1598-1710)Netherlands
39.6%
CurrencyMauritian Rupee
37.7%
Named after...Prince Maurice of Nassau
31.8%
Third Largest CityBeau Bassin-Rose Hill
26.8%
National AnthemMotherland
21.9%
Got First Olympic Medal During...2008 Beijing Olympics
20.7%
Name during 1715-1810Ile de France
19.3%
Largest DistrictFlacq District
19.1%
Part of __________ IslandsMascarene
17.6%
Independence DayMarch 12, 1968
17%
Official MottoStella Clavisque Maris Indici
14.6%
Second Largest CityVascoas-Phoenix
12%
Highest Point (828 m)Piton de la Petite Riviere Noire
9.9%
Owns ___________ IslandsAgalega
9.7%
PresidentMonique Ohsan Bellepeau
9.3%
First Prime MinisterSeewoosagur Ramgoolam
9.1%
Olympic Bronze Medal - BantamweightBruno Julie
7.9%
Largest Building (98 m)Bank of Mauritius Tower
5.9%
Prime MinisterNavim Ramgoolam
5.7%
First PresidentVeerasamy Ringadoo
5.3%
President ResidenceChateau of Reduit
5.3%
Largest StadiumStade Anjalay
3.4%
Owns ___________ ShoalsCargados Carajos
1.2%

You're not logged in!

Compare scores with friends on all Sporcle quizzes.
Join for Free
OR
Log In

You Might Also Like...

Show Comments

Extras

Created Jul 13, 2011ReportNominate
Tags:Africa Quiz, Country Quiz

Top Quizzes Today


Score Distribution

Your Account Isn't Verified!

In order to create a playlist on Sporcle, you need to verify the email address you used during registration. Go to your Sporcle Settings to finish the process.

Report this User

Report this user for behavior that violates our Community Guidelines.

Details: